[Event "Penang op-B 5th"]
[Site "Penang"]
[Date "2013.12.12"]
[Round "6"]
[White "Rosaupan, Carlo Magno"]
[Black "Lim, Chuin Kai"]
[Result "1-0"]
[WhiteElo "1846"]
[BlackElo "1720"]
[PlyCount "84"]
[EventDate "2013.12.09"]
[EventType "swiss"]
[EventRounds "9"]
[EventCountry "MAS"]
[SourceTitle "CBM 158 Extra"]
[Source "ChessBase"]
[SourceDate "2014.02.28"]
[SourceVersion "1"]
[SourceVersionDate "2014.02.28"]
[SourceQuality "1"]

1. Nf3 Nf6 2. c4 g6 3. g3 Bg7 4. Bg2 d6 5. 0-0 0-0 6. Nc3 Nc6 7. d3 e5 8. Rb1 Nd4 9. e3 Nxf3+ 10. Bxf3 c6 11. b4 Be6 12. b5 Qc7 13. Qb3 d5 14. cxd5 Nxd5 15. Nxd5 Qd7 16. bxc6 bxc6 17. Ba3 Rfe8 18. Ne7+ Rxe7 19. Qa4 Bd5 20. e4 Bxa2 21. Rb2 Ree8 22. Rxa2 Qxd3 23. Be2 Qd4 24. Bb2 Qxa4 25. Rxa4 Rad8 26. Bc3 Bf8 27. Rxa7 Bc5 28. Rc7 Rc8 29. Rxc8 Rxc8 30. Bxe5 Re8 31. Bf6 Rxe4 32. Bf3 Re6 33. Bc3 f6 34. Rd1 Kg7 35. Rd7+ Be7 36. Bb4 Kf8 37. Rxe7 Rxe7 38. Bxe7+ Kxe7 39. Bxc6 Kd6 40. Ba4 g5 41. Kg2 Ke5 42. f3 h6 1-0

[Event "Penang op 4th"]
[Site "Penang"]
[Date "2012.12.14"]
[Round "8"]
[White "Lim, Chuin Kai"]
[Black "Nik, Ahmad Farouqi"]
[Result "0-1"]
[WhiteElo "1689"]
[BlackElo "2071"]
[PlyCount "56"]
[EventDate "2012.12.11"]
[EventType "swiss"]
[EventRounds "9"]
[EventCountry "MAS"]
[SourceTitle "EXT 2014"]
[Source "ChessBase"]
[SourceDate "2013.11.20"]
[SourceVersion "1"]
[SourceVersionDate "2013.11.20"]
[SourceQuality "1"]

1. e4 c5 2. Nc3 e6 3. f4 d5 4. Bb5+ Bd7 5. Bxd7+ Qxd7 6. d3 Nc6 7. Nf3 Be7 8. 0-0 d4 9. Ne2 Nf6 10. Bd2 h6 11. h3 Qc7 12. g4 g6 13. a3 Nd7 14. Ng3 f6 15. Qe1 0-0-0 16. b4 Bd6 17. Nh2 h5 18. Kg2 hxg4 19. hxg4 Rh4 20. Rf3 Rdh8 21. Ngf1 g5 22. Qf2 gxf4 23. bxc5 Nxc5 24. Bxf4 Bxf4 25. Rxf4 Qh7 26. Qg1 Ne5 27. Re1 Qh6 28. Rf2 Rxg4+ 0-1

[Event "Penang op 4th"]
[Site "Penang"]
[Date "2012.12.12"]
[Round "4"]
[White "Lim, Chuin Kai"]
[Black "Trenseno, Felica"]
[Result "1/2-1/2"]
[WhiteElo "1689"]
[BlackElo "1992"]
[PlyCount "65"]
[EventDate "2012.12.11"]
[EventType "swiss"]
[EventRounds "9"]
[EventCountry "MAS"]
[SourceTitle "EXT 2014"]
[Source "ChessBase"]
[SourceDate "2013.11.20"]
[SourceVersion "1"]
[SourceVersionDate "2013.11.20"]
[SourceQuality "1"]

1. e4 e5 2. Nf3 Nc6 3. Bb5 a6 4. Ba4 Nf6 5. 0-0 Be7 6. Re1 b5 7. Bb3 d6 8. c3 0-0 9. h3 Bb7 10. d4 Re8 11. Nbd2 Bf8 12. Bc2 g6 13. Nf1 exd4 14. cxd4 Nb4 15. Ng3 Nxc2 16. Qxc2 Bg7 17. Bf4 Rc8 18. Rad1 Qd7 19. d5 Re7 20. Nd4 h5 21. f3 Qe8 22. Qd2 Nxd5 23. Ndf5 gxf5 24. exd5 Rxe1+ 25. Rxe1 Qd7 26. Nxh5 Qd8 27. Qe3 Qh4 28. Nxg7 Kxg7 29. Bg5 Qc4 30. Be7 Qc5 31. Qxc5 dxc5 32. Bxc5 Bxd5 33. a3 1/2-1/2

[Event "Penang op 4th"]
[Site "Penang"]
[Date "2012.12.11"]
[Round "1"]
[White "Turqueza, Mari Joseph"]
[Black "Lim, Chuin Kai"]
[Result "1-0"]
[WhiteElo "2255"]
[BlackElo "1689"]
[PlyCount "97"]
[EventDate "2012.12.11"]
[EventType "swiss"]
[EventRounds "9"]
[EventCountry "MAS"]
[SourceTitle "EXT 2014"]
[Source "ChessBase"]
[SourceDate "2013.11.20"]
[SourceVersion "1"]
[SourceVersionDate "2013.11.20"]
[SourceQuality "1"]

1. d4 Nf6 2. c4 g6 3. Nc3 Bg7 4. g3 d6 5. Bg2 0-0 6. Nf3 Nc6 7. 0-0 Bf5 8. d5 Na5 9. Nd4 Bd7 10. Qd3 c5 11. dxc6 Nxc6 12. b3 a6 13. Bb2 Rb8 14. Rfd1 Nxd4 15. Qxd4 b5 16. cxb5 axb5 17. Nd5 Nh5 18. Qd2 Be6 19. Bxg7 Nxg7 20. Nb4 Rc8 21. Nc6 Qe8 22. Nd4 Bd7 23. Qa5 Ne6 24. Nxe6 Bxe6 25. Bd5 Rc5 26. Be4 Qd7 27. Rac1 Rfc8 28. Rxc5 Rxc5 29. Qb4 Qc7 30. Qd2 Qb6 31. Qb4 Qc7 32. Kg2 Qc8 33. h4 Qa6 34. a3 Qc8 35. Bd3 Qc6+ 36. f3 Qd5 37. Rb1 Bf5 38. Rd1 Be6 39. Qa5 Qxb3 40. Rb1 Qa4 41. Qd8+ Kg7 42. Qxe7 Bc4 43. Be4 Bxe2 44. Qxd6 Qxa3 45. Qd4+ f6 46. Qd7+ Kg8 47. Qe8+ Kg7 48. Qe7+ Kh6 49. Qf8+ 1-0